Statistics for Chattanooga Basketball: Top 10 All-Time Leaders

Click here to take the quiz!

General Stats

  • This quiz has been taken 1 time
    (0 since last reset)
  • The average score is 0 of 90

Answer Stats

Category#PlayerAmount% Correct
Blocks10Aaron Morgan71
0%
Three Pointers MadeT5A.J. Caldwell174
0%
Rebounds9A.J. Caldwell537
0%
Assists10A.J. Caldwell289
0%
GamesT1A.J. Caldwell152
0%
Rebounds10Alphonso Pugh530
0%
Points Per Game6Ashley Champion16.8
0%
Points Per Game10Benny Green15.8
0%
Field Goal Percent3Brandon Born53.3%
0%
Points3Brandon Born1,451
0%
Steals7Brandon Born135
0%
Field Goal Percent5Casey Jones51.1%
0%
Points7Casey Jones1,321
0%
Blocks7Casey Jones93
0%
Rebounds4Casey Jones662
0%
Assists4Casey Long385
0%
Steals4Casey Long162
0%
Games7Casey Long125
0%
Steals10Chris McCray125
0%
Rebounds8Clifford Morgan540
0%
Assists7David Jean-Baptiste336
0%
Steals6David Jean-Baptiste152
0%
Points2David Jean-Baptiste1,752
0%
Three Pointers Made1David Jean-Baptiste287
0%
Field Goal Percent10David Jean-Baptiste42.1%
0%
GamesT1David Jean-Baptiste152
0%
Rebounds7David Phillips555
0%
Points Per Game1Derrick Kirce19.5
0%
Field Goal Percent9Derrick Kirce46.2%
0%
Games3Eric Robertson132
0%
Three Pointers Made4Eric Robertson191
0%
Assists9Gary Robb306
0%
Points Per Game5Gerald Wilkins17.0
0%
Field Goal Percent4Gerald Wilkins51.4%
0%
Points4Gerald Wilkins1,449
0%
StealsT8Gerald Wilkins129
0%
Points9Greg Pryor1,203
0%
Games6Greg Pryor126
0%
Steals3Greg Pryor170
0%
Assists5Greg Pryor343
0%
Field Goal Percent7James Jones47.8%
0%
Points Per Game4Johnny Taylor17.3
0%
Rebounds6Justin Tuoyo574
0%
Blocks1Justin Tuoyo270
0%
Field Goal Percent1Justin Tuoyo57.1%
0%
Three Pointers Made3Keddric Mays209
0%
Assists1Keegan Bell538
0%
Three Pointers Made9Keegan Bell161
0%
Points Per Game3Keith Nelson18.4
0%
Points Per Game7Keith Parker16.5
0%
Rebounds5Khalil Hartwell651
0%
Games5Khalil Hartwell127
0%
Field Goal Percent2Lance Fulse53.8%
0%
Rebounds2Lance Fulse747
0%
Points6Lance Fulse1,325
0%
Points Per Game2Malachi Smith18.6
0%
Assists6Maurice Head342
0%
Blocks5Neil Ashby110
0%
Points5Nicchaeus Doaks1,406
0%
Blocks6Nicchaeus Doaks98
0%
Games4Nicchaeus Doaks131
0%
Rebounds1Nicchaeus Doaks818
0%
Three Pointers Made7Omar Wattad168
0%
Blocks4Otis Donald118
0%
Assists8Ray Trowell322
0%
Games9Ricky Hood121
0%
Points8Ricky Taylor1,225
0%
Blocks9Roger Smith86
0%
Games10Ronrico White120
0%
Blocks8Sam Alexis89
0%
Blocks2Stanley Lawrence132
0%
Three Pointers Made2Stephen McDowell243
0%
Points Per Game8Stephen McDowell16.3
0%
AssistsT2Tim Brooks414
0%
Steals5Tim Brooks157
0%
Three Pointers MadeT5Tim Parker174
0%
Three Pointers Made10Toot Young160
0%
StealsT8Tre' McLean129
0%
Steals1Wes Moore198
0%
Three Pointers Made8Wes Moore167
0%
AssistsT2Wes Moore414
0%
Games8Willie White122
0%
Points1Willie White1,972
0%
Steals2Willie White193
0%
Field Goal Percent6Willie White50.9%
0%
Points Per Game9Willie White16.2
0%
Rebounds3Z. Mason683
0%
Blocks3Z. Mason129
0%
Points10Z. Mason1,177
0%
Field Goal Percent8Z. Mason47.6%
0%

Score Distribution

Percentile by Number Answered

Percent of People with Each Score

Your Score History

You have not taken this quiz since the last reset